| 000 | 00838nam a2200253 a 4500 | ||
|---|---|---|---|
| 005 | 20180803165305.0 | ||
| 008 | 160213t1998 -us fr|||| 001 0 spa d | ||
| 020 | _a0820320153 | ||
| 040 |
_aCO-BoIAVH _cCO-BoIAVH |
||
| 041 | 0 | _aeng | |
| 044 | _axxu | ||
| 082 | 0 | 4 |
_a658.408 _bE61e |
| 245 | 0 | 0 |
_aEnvironmental ethics and the global marketplace / _cEdited by Dorinda G. Dallmeyer and Albert F. Ike |
| 260 |
_aGeorgia : _bUniversity of Georgia Press , _c1998. |
||
| 300 |
_a184 páginas ; _c23 x 16 cm. |
||
| 650 | 1 | 6 | _aÉtica ambiental |
| 650 | 2 | 6 | _aMercados globales |
| 650 | 2 | 6 | _aMedio ambiente |
| 700 | 1 |
_aDallmeyer, Dorinda G. _eEditor |
|
| 700 | 1 |
_aIke, Albert F. _eEditor |
|
| 700 | 1 |
_aYoung, Andrew _ePrólogo |
|
| 710 | 2 | _aUniversity of Georgia Press | |
| 942 |
_cLIBRO _2ddc |
||
| 999 |
_c5603 _d5603 |
||